Convergencia socialista: afirmaciones, contradicciones y perspectivas
Guardat en:
| Autor principal: | |
|---|---|
| Format: | Llibre |
| Idioma: | espanyol |
| Publicat: |
Santiago
Instituto Chileno de Estudios Humanisticos
1983
|
| Matèries: | |
| Etiquetes: |
Afegir etiqueta
Sense etiquetes, Sigues el primer a etiquetar aquest registre!
|
MARC
| LEADER | 00000nam a2200000 a 4500 | ||
|---|---|---|---|
| 001 | UCY1733 | ||
| 003 | CL-VaPUC | ||
| 008 | 940914e19830000CL |||||||||||||||||spa|d | ||
| 082 | 0 | 4 | |a 320.532 |b BEN |2 21 |
| 100 | 0 | |a Benavente Urbina, Andrés |e author |9 329727 | |
| 245 | 1 | 0 | |a Convergencia socialista: afirmaciones, contradicciones y perspectivas |
| 300 | |a 198 p | ||
| 942 | |c BK | ||
| 945 | |d 19940914 00:00:00 |a rbrito | ||
| 260 | |a Santiago |b Instituto Chileno de Estudios Humanisticos |c 1983 | ||
| 650 | 7 | |a MARXISMO |2 CL-VaPUC |9 329728 | |
| 650 | 0 | |a Socialismo |9 255260 | |
| 650 | 0 | |a Unidad popular |9 317409 | |
| 651 | 7 | |a CHILE |2 CL-VaPUC |9 329729 | |
| 583 | |a last modification |c 19940914 00:00:00 |k Rodrigo Vera | ||
| 999 | |c 230341 |d 230339 | ||
| 952 | |0 0 |1 0 |4 0 |6 320_532000000000000_BEN_1983 |7 0 |8 A |9 232511 |a BIBDER |b BIBDER |d 2019-11-15 |i 3016005 |o 320.532 BEN 1983 |p 3016005 |r 2023-01-25 |w 2019-11-15 |y BK |k DER | ||